Vista normal
Vista MARC
Entrada Meeting Name
Número de registros utilizados en: 1
001 - CONTROL NUMBER
- control field: 37021
003 - CONTROL NUMBER IDENTIFIER
- control field: OSt
005 - DATE AND TIME OF LATEST TRANSACTION
- control field: 20210421140840.0
008 - FIXED-LENGTH DATA ELEMENTS
- fixed length control field: 210421|| aca||aabn | a|a d
040 ## - CATALOGING SOURCE
- Original cataloging agency: OSt
- Transcribing agency: OSt
111 ## - HEADING--MEETING NAME
- Meeting name or jurisdiction name as entry element: Conference of experts Federal Tax Treatment of Foreign Income
- Date of meeting or treaty signing: (1964 :
- Location of meeting: Washington)
670 ## - SOURCE DATA FOUND
- Source citation: Work cat.: (OSt)7654: 15060, Federal Tax Treatment of Foreign Income / , 1964